| 000 | 00425pab a2200157 454500 | ||
|---|---|---|---|
| 008 | 180718b1989 xxu||||| |||| 00| 0 eng d | ||
| 100 | _aVohra, B.B. | ||
| 245 | _aProblems of water management - Need for an integrated approach | ||
| 260 | _c1989 | ||
| 300 | _ap.444-451. | ||
| 362 | _aJul-Sep | ||
| 650 | _aWater resources management | ||
| 773 | _aIndian Journal of Public Administration | ||
| 908 | _aN | ||
| 909 | _a88914 | ||
| 999 |
_c88914 _d88914 |
||